[Event "2BLW 2324 Aachener SV - Düsseldorfer SK"]
[Site "?"]
[Date "2024.02.02"]
[Round "2.2"]
[White "Nagy, Gabor"]
[Black "Dominguez Perez, Leinier"]
[Result "1/2-1/2"]
[WhiteElo "2450"]
[BlackElo "2752"]
[PlyCount "75"]
[EventDate "2024.??.??"]

1. d4 Nf6 2. c4 e6 3. Nc3 Bb4 4. e3 O-O 5. Bd3 d5 6. Nf3 dxc4 7. Bxc4 c5 8. O-O cxd4 9. exd4 b6 10. Ne5 Bb7 11. Qb3 Bxc3 12. bxc3 Nc6 13. Nxc6 Bxc6 14. Bxe6 Bxg2 15. Kxg2 fxe6 16. Qxe6+ Kh8 17. Bf4 Rc8 18. Be5 Rxc3 19. Rac1 Qa8+ 20. f3 Qc8 21. Qxc8 Rfxc8 22. Rxc3 Rxc3 23. Bxf6 gxf6 24. Re1 Rc7 25. Kg3 Kg7 26. d5 Kf7 27. Re2 Rc5 28. d6 Rd5 29. Re7+ Kg6 30. Rxa7 Rxd6 31. a4 h5 32. a5 bxa5 33. Rxa5 Rd4 34. h4 Rc4 35. Rb5 Rd4 36. Ra5 Rc4 37. Rb5 Rd4 38. Ra5 1/2-1/2

[Event "2BLW 2324 Aachener SV - Düsseldorfer SK"]
[Site "?"]
[Date "2024.02.02"]
[Round "2.3"]
[White "Erigaisi Arjun"]
[Black "Galyas, Miklos"]
[Result "1/2-1/2"]
[WhiteElo "2738"]
[BlackElo "2423"]
[PlyCount "83"]
[EventDate "2024.??.??"]

1. c4 e6 2. Nf3 d5 3. e3 Nf6 4. b3 c5 5. Bb2 Nc6 6. cxd5 exd5 7. Bb5 Bd6 8. O-O O-O 9. d4 cxd4 10. Nxd4 Bd7 11. Nd2 Re8 12. Rc1 Rc8 13. Nxc6 bxc6 14. Ba6 Rb8 15. Bd3 Qe7 16. Qc2 c5 17. Bf5 Be6 18. Bxe6 fxe6 19. e4 Bf4 20. g3 Bxd2 21. Bxf6 gxf6 22. Qxd2 d4 23. Rc4 e5 24. Qa5 Rbc8 25. Rfc1 Qb7 26. Rxc5 Rxc5 27. Qxc5 Qxe4 28. Qxa7 Qf5 29. Qa6 d3 30. Qc4+ Kg7 31. Qd5 Re7 32. f3 Rd7 33. g4 Qxg4+ 34. fxg4 Rxd5 35. Kf2 h5 36. Ke3 hxg4 37. Rd1 f5 38. Rxd3 f4+ 39. Ke4 Rxd3 40. Kxd3 Kf6 41. a4 Ke6 42. Ke4 1/2-1/2

[Event "2BLW 2324 Aachener SV - Düsseldorfer SK"]
[Site "?"]
[Date "2024.02.02"]
[Round "2.4"]
[White "Koch, Thomas"]
[Black "Van Foreest, Jorden"]
[Result "1/2-1/2"]
[WhiteElo "2431"]
[BlackElo "2682"]
[PlyCount "95"]
[EventDate "2024.??.??"]

1. d4 f5 2. c4 Nf6 3. g3 e6 4. Bg2 d5 5. Nf3 Be7 6. O-O Ne4 7. cxd5 exd5 8. Ne5 O-O 9. Nd2 c6 10. Ndf3 a5 11. Nd3 Na6 12. a3 Nc7 13. Nfe5 Qe8 14. Qc2 Nb5 15. e3 Be6 16. f3 Nf6 17. Bd2 g5 18. a4 Nd6 19. Nc5 Bc8 20. Qb3 Kh8 21. e4 f4 22. exd5 Nxd5 23. g4 b6 24. Ncd3 Be6 25. Rfe1 Rf6 26. Qc2 Rc8 27. Rac1 c5 28. dxc5 bxc5 29. Nf2 Nb4 30. Qd1 Bg8 31. Bf1 Qd8 32. Nc4 Bf7 33. Bc3 Nxc4 34. Bxc4 Bxc4 35. Bxf6+ Bxf6 36. Rxc4 Bd4 37. Qe2 Bxf2+ 38. Kxf2 Nd3+ 39. Kf1 Nxe1 40. Kxe1 Qd6 41. Re4 Rd8 42. Re5 h6 43. Re6 Qd4 44. Re8+ Rxe8 45. Qxe8+ Kg7 46. Qe7+ Kg6 47. Qe6+ Kg7 48. Qe7+ 1/2-1/2

[Event "2BLW 2324 Aachener SV - Düsseldorfer SK"]
[Site "?"]
[Date "2024.02.02"]
[Round "2.5"]
[White "Esipenko, Andrey"]
[Black "Klein, Felix"]
[Result "1-0"]
[WhiteElo "2704"]
[BlackElo "2297"]
[PlyCount "69"]
[EventDate "2024.??.??"]

1. e4 c5 2. Nf3 e6 3. d4 cxd4 4. Nxd4 a6 5. Bd3 Bc5 6. Nb3 Be7 7. Qg4 g6 8. Qe2 d6 9. Nc3 Nd7 10. a3 Qc7 11. O-O b6 12. Be3 Bb7 13. Rfd1 h5 14. Qd2 Ngf6 15. Bg5 O-O 16. Qf4 Rfe8 17. Qg3 Rac8 18. Rac1 b5 19. Re1 Bf8 20. h3 Bg7 21. f4 Nc5 22. f5 exf5 23. exf5 Rxe1+ 24. Rxe1 Nxd3 25. cxd3 Kh7 26. Rf1 b4 27. axb4 Qb6+ 28. Kh1 Qxb4 29. Bxf6 Qxb3 30. Bxg7 Kxg7 31. Rf2 Qb4 32. fxg6 fxg6 33. Qg5 Qd4 34. Qe7+ Kh6 35. Rf7 1-0

[Event "2BLW 2324 Aachener SV - Düsseldorfer SK"]
[Site "?"]
[Date "2024.02.02"]
[Round "2.6"]
[White "Sonntag, Hans-Hubert"]
[Black "Bologan, Victor"]
[Result "0-1"]
[WhiteElo "2286"]
[BlackElo "2585"]
[PlyCount "78"]
[EventDate "2024.??.??"]

1. d4 Nf6 2. Nf3 g6 3. Bf4 Bg7 4. e3 O-O 5. Be2 c5 6. c3 d5 7. h3 b6 8. O-O Nc6 9. Nbd2 Bb7 10. Qb3 Qc8 11. Rfd1 Nd7 12. Bh2 Re8 13. Rac1 a6 14. c4 dxc4 15. Bxc4 e6 16. dxc5 Nxc5 17. Qc2 Rd8 18. a3 Na5 19. Be2 Ncb3 20. Nxb3 Qxc2 21. Rxc2 Nxb3 22. Nd2 Nc5 23. Nc4 Rxd1+ 24. Bxd1 Rd8 25. Bf3 Bxf3 26. gxf3 Rd1+ 27. Kg2 Nd3 28. Rd2 Rxd2 29. Nxd2 Bxb2 30. Nc4 b5 31. Nxb2 Nxb2 32. Bd6 Nc4 33. Bc5 e5 34. Kf1 f5 35. Ke2 Kf7 36. Kd3 Kf6 37. Kc3 Ke6 38. e4 Nd6 39. Kd3 Nf7 0-1

[Event "2BLW 2324 Aachener SV - Düsseldorfer SK"]
[Site "?"]
[Date "2024.02.02"]
[Round "2.7"]
[White "Orlov, Andrey"]
[Black "Bodicky, Michal"]
[Result "1-0"]
[WhiteElo "2487"]
[BlackElo "2207"]
[PlyCount "57"]
[EventDate "2024.??.??"]

1. e4 d6 2. d4 Nf6 3. Bd3 e5 4. c3 d5 5. dxe5 Nxe4 6. Nf3 Nc5 7. Bc2 Bg4 8. O-O Be7 9. Be3 Nc6 10. Nbd2 Ne6 11. Qb1 Bh5 12. Re1 Qd7 13. b4 d4 14. cxd4 Ncxd4 15. Be4 O-O-O 16. Nxd4 Nxd4 17. Nb3 Ne6 18. Na5 c6 19. b5 Qc7 20. bxc6 b6 21. Qb5 Bg6 22. Bxg6 hxg6 23. Nb7 Kb8 24. Nxd8 Rxd8 25. Rad1 Nc5 26. Bxc5 Bxc5 27. Rd7 a6 28. Rxd8+ Qxd8 29. Qxa6 1-0

[Event "2BLW 2324 Aachener SV - Düsseldorfer SK"]
[Site "?"]
[Date "2024.02.02"]
[Round "2.8"]
[White "Meessen, Rudolf"]
[Black "Braun, Christian"]
[Result "0-1"]
[WhiteElo "2169"]
[BlackElo "2408"]
[PlyCount "108"]
[EventDate "2024.??.??"]

1. d4 Nf6 2. Bf4 d5 3. e3 c5 4. dxc5 g6 5. Bb5+ Nc6 6. b4 Bg7 7. Be5 a5 8. a3 O-O 9. Bxc6 bxc6 10. Nd2 Bh6 11. Ngf3 Ba6 12. Nb3 a4 13. Bxf6 axb3 14. Bb2 bxc2 15. Qxc2 f6 16. h4 e5 17. h5 g5 18. g4 Qd7 19. Rg1 Qb7 20. O-O-O Bb5 21. Qf5 Qe7 22. Nd2 Ba6 23. Qc2 Rfb8 24. e4 Qf7 25. Rg3 Bf8 26. Rf3 Be2 27. Rg3 Bxd1 28. Kxd1 Rd8 29. Ke1 Be7 30. Rd3 Qe6 31. f3 Ra7 32. Qb3 Kf7 33. Nf1 Rb7 34. Qa2 d4 35. Qxe6+ Kxe6 36. Bc1 Bxc5 37. bxc5 Rb5 38. Bd2 Rxc5 39. Rb3 Rc2 40. Ng3 c5 41. Nf5 Kd7 42. Kd1 Ra2 43. h6 c4 44. Rb7+ Kc6 45. Rxh7 c3 46. Bc1 d3 47. Ne7+ Kc5 48. Nd5 Rxd5 49. Rc7+ Kd4 50. h7 Rh2 51. Ke1 d2+ 52. Bxd2 cxd2+ 53. Kd1 Kd3 54. h8=Q Rxh8 0-1

[Event "2BLW 2324 Düsseldorfer SK - SV Werder B"]
[Site "?"]
[Date "2024.02.03"]
[Round "5.2"]
[White "Dominguez Perez, Leinier"]
[Black "Grigorian, Spartak"]
[Result "1-0"]
[WhiteElo "2752"]
[BlackElo "2435"]
[PlyCount "85"]
[EventDate "2024.??.??"]

1. e4 c5 2. Nf3 d6 3. d4 cxd4 4. Nxd4 Nf6 5. Nc3 a6 6. f3 e5 7. Nb3 Be6 8. Be3 h5 9. Nd5 Bxd5 10. exd5 Nbd7 11. Qd2 g6 12. O-O-O Bg7 13. Kb1 Qc7 14. Rg1 O-O 15. Qf2 b5 16. g4 hxg4 17. fxg4 a5 18. g5 a4 19. gxf6 Nxf6 20. Bb6 Qb8 21. Bxb5 axb3 22. cxb3 Ne4 23. Qe3 Rc8 24. a4 Nc5 25. Bxc5 Rxc5 26. Bc6 Ra6 27. h4 e4 28. Rc1 Qb4 29. h5 Rb6 30. Bb5 Bd4 31. Qxe4 Qd2 32. Qe8+ Kg7 33. h6+ Qxh6 34. Rcf1 Rc1+ 35. Rxc1 Qh2 36. Rxg6+ fxg6 37. Qe7+ Kh6 38. Qf8+ Kg5 39. Rc2 Qg1+ 40. Ka2 Be5 41. Qf3 Qd4 42. Rg2+ Kh4 43. Bd7 1-0

[Event "2BLW 2324 Düsseldorfer SK - SV Werder B"]
[Site "?"]
[Date "2024.02.03"]
[Round "5.3"]
[White "Meins, Gerlef"]
[Black "Erigaisi Arjun"]
[Result "0-1"]
[WhiteElo "2395"]
[BlackElo "2738"]
[PlyCount "80"]
[EventDate "2024.??.??"]

1. d4 d5 2. c4 e6 3. Nf3 Nf6 4. g3 dxc4 5. Bg2 c6 6. a4 Nbd7 7. O-O b6 8. Na3 Ba6 9. Qc2 Bxa3 10. Rxa3 O-O 11. Rd1 Rc8 12. e4 h6 13. h3 Qe7 14. g4 e5 15. g5 Nh5 16. gxh6 g6 17. Nxe5 Nxe5 18. dxe5 Qxe5 19. Qc3 f6 20. Qxe5 fxe5 21. Bg5 Rc7 22. Rd6 Kh7 23. Bf3 Nf4 24. Bg4 Nd3 25. f3 Nxb2 26. h4 Bc8 27. Bd8 Rd7 28. Bxd7 Rxd8 29. Rxc6 Bxd7 30. Rd6 Kxh6 31. f4 exf4 32. e5 Re8 33. Rxd7 Rxe5 34. Rxa7 Nd3 35. Rf7 Kh5 36. Ra2 Kg4 37. Rg2+ Kf3 38. Rxg6 Re1+ 39. Kh2 Re2+ 40. Kg1 Ne5 0-1

[Event "2BLW 2324 Düsseldorfer SK - SV Werder B"]
[Site "?"]
[Date "2024.02.03"]
[Round "5.4"]
[White "Van Foreest, Jorden"]
[Black "Lobzhanidze, Davit"]
[Result "1-0"]
[WhiteElo "2668"]
[BlackElo "2403"]
[PlyCount "57"]
[EventDate "2024.??.??"]

1. e4 e6 2. d4 d5 3. Nc3 Nf6 4. e5 Nfd7 5. f4 c5 6. Nf3 Nc6 7. Be3 cxd4 8. Nxd4 Qb6 9. Qd2 Qxb2 10. Rb1 Qa3 11. Bb5 Nxd4 12. Bxd4 a6 13. Bxd7+ Bxd7 14. Rb3 Qe7 15. O-O Bc6 16. f5 exf5 17. Ne2 O-O-O 18. Rfb1 h5 19. Qc3 Rh6 20. Rxb7 Qxb7 21. Rxb7 Kxb7 22. Be3 Re6 23. Nd4 Rb8 24. Nxe6 fxe6 25. Bc5 Bxc5+ 26. Qxc5 Re8 27. h4 Bd7 28. Kh2 Bc8 29. Qb4+ 1-0

[Event "2BLW 2324 Düsseldorfer SK - SV Werder B"]
[Site "?"]
[Date "2024.02.03"]
[Round "5.5"]
[White "Joachim, Sven"]
[Black "Esipenko, Andrey"]
[Result "1/2-1/2"]
[WhiteElo "2391"]
[BlackElo "2704"]
[PlyCount "72"]
[EventDate "2024.??.??"]

1. e4 e5 2. Nf3 Nc6 3. Bb5 a6 4. Ba4 Nf6 5. O-O Be7 6. Re1 b5 7. Bb3 O-O 8. d3 d6 9. c3 Na5 10. Bc2 c5 11. Nbd2 Nc6 12. Nf1 h6 13. Ng3 Re8 14. h3 Be6 15. d4 cxd4 16. cxd4 exd4 17. Nxd4 Nxd4 18. Qxd4 Rc8 19. Bb3 Bf8 20. Bf4 d5 21. e5 Nd7 22. Rad1 Nb6 23. Qd3 Qh4 24. Bc1 g6 25. f4 Rxc1 26. Rxc1 Qxf4 27. Ne2 Qxe5 28. Nd4 Qg5 29. h4 Qg4 30. Nxe6 Rxe6 31. Rxe6 Qxe6 32. h5 gxh5 33. Qg3+ Bg7 34. Qb8+ Bf8 35. Qg3+ Bg7 36. Qb8+ Bf8 1/2-1/2

[Event "2BLW 2324 Düsseldorfer SK - SV Werder B"]
[Site "?"]
[Date "2024.02.03"]
[Round "5.6"]
[White "Bologan, Victor"]
[Black "Richter, Christian"]
[Result "1-0"]
[WhiteElo "2585"]
[BlackElo "2356"]
[PlyCount "75"]
[EventDate "2024.??.??"]

1. e4 e5 2. Nf3 Nc6 3. Nc3 Nf6 4. Bb5 Bb4 5. O-O O-O 6. Bxc6 dxc6 7. d3 Nd7 8. Ne2 Bd6 9. Be3 c5 10. Nd2 b6 11. Ng3 Nb8 12. Nf5 Nc6 13. Qf3 Nd4 14. Bxd4 cxd4 15. Qg3 Qf6 16. Nxd6 cxd6 17. f4 Qe7 18. a4 f6 19. c3 dxc3 20. bxc3 Bd7 21. c4 Qe8 22. a5 b5 23. Rfc1 Qe7 24. d4 bxc4 25. Rxc4 exf4 26. Qxf4 Rfc8 27. Rb1 Be6 28. d5 Bf7 29. a6 Rc7 30. h3 Qd7 31. Kh2 Rd8 32. Rbb4 Qc8 33. Rxc7 Qxc7 34. Rc4 Qe7 35. Nb3 Bg6 36. Na5 Re8 37. Nc6 Qc7 38. Rb4 1-0

[Event "2BLW 2324 Düsseldorfer SK - SV Werder B"]
[Site "?"]
[Date "2024.02.03"]
[Round "5.7"]
[White "Breutigam, Martin"]
[Black "Berelowitsch, Alexander"]
[Result "1/2-1/2"]
[WhiteElo "2353"]
[BlackElo "2487"]
[PlyCount "41"]
[EventDate "2024.??.??"]

1. d4 d5 2. c4 e6 3. Nc3 c5 4. cxd5 exd5 5. Nf3 Nc6 6. dxc5 d4 7. Na4 Bxc5 8. Nxc5 Qa5+ 9. Bd2 Qxc5 10. Rc1 Qb6 11. e3 Nf6 12. Bc4 dxe3 13. Bxe3 Qb4+ 14. Bd2 Qe7+ 15. Be2 O-O 16. O-O Be6 17. Re1 Qd7 18. Qa4 Rfe8 19. Bg5 Nd5 20. Bb5 Nb6 21. Qa3 1/2-1/2

[Event "2BLW 2324 Düsseldorfer SK - SV Werder B"]
[Site "?"]
[Date "2024.02.03"]
[Round "5.8"]
[White "Levin, Felix"]
[Black "Ewert, Hannes"]
[Result "1/2-1/2"]
[WhiteElo "2440"]
[BlackElo "2245"]
[PlyCount "53"]
[EventDate "2024.??.??"]

1. d4 Nf6 2. Nf3 e6 3. e3 b6 4. Bd3 Bb7 5. O-O c5 6. c4 Be7 7. Nc3 cxd4 8. exd4 d6 9. d5 e5 10. g3 O-O 11. Nh4 g6 12. f4 exf4 13. Bxf4 Nbd7 14. Nf3 a6 15. a4 Re8 16. Qd2 Ne5 17. Be2 Nfd7 18. Ne4 Rc8 19. Nxe5 dxe5 20. Bg5 f5 21. Bxe7 Qxe7 22. Ng5 e4 23. Ne6 Nc5 24. Nd4 a5 25. b4 axb4 26. Qxb4 Qf6 27. Qc3 1/2-1/2

[Event "2BLW 2324 Aachener SV - SF Lieme"]
[Site "?"]
[Date "2024.02.03"]
[Round "5.1"]
[White "Niermann, Tristan"]
[Black "Seel, Christian"]
[Result "1-0"]
[WhiteElo "2424"]
[BlackElo "2480"]
[PlyCount "102"]
[EventDate "2024.??.??"]

1. e4 e5 2. Nf3 d6 3. d4 exd4 4. Nxd4 Nf6 5. Nc3 Be7 6. g3 O-O 7. Bg2 Re8 8. O-O Bf8 9. h3 Nbd7 10. Re1 c6 11. b3 Nc5 12. Bb2 a5 13. a4 Qb6 14. Qd2 Bd7 15. Rad1 Rad8 16. g4 h6 17. Qf4 Ne6 18. Nxe6 Bxe6 19. Ne2 Nh7 20. Nd4 d5 21. Nxe6 fxe6 22. exd5 cxd5 23. Rxd5 Bd6 24. Be5 Bc5 25. Rxd8 Rxd8 26. Bc7 Bxf2+ 27. Kh1 Qc5 28. Bxd8 Bxe1 29. Qe4 Qd6 30. Qxe1 Qxd8 31. Qxe6+ Kh8 32. Qd5 Qxd5 33. Bxd5 b6 34. Kg2 g6 35. Kf3 Ng5+ 36. Kg3 Kg7 37. h4 Nh7 38. Kf4 Kf6 39. Bg8 Nf8 40. g5+ hxg5+ 41. hxg5+ Kg7 42. Bd5 Nh7 43. c4 Kf8 44. b4 axb4 45. c5 Ke7 46. cxb6 Kd6 47. a5 b3 48. Bxb3 Nf8 49. Bc2 Kc6 50. Ba4+ Kd6 51. a6 Ne6+ 1-0

[Event "2BLW 2324 Aachener SV - SF Lieme"]
[Site "?"]
[Date "2024.02.03"]
[Round "5.2"]
[White "Nagy, Gabor"]
[Black "Wittke, Rene"]
[Result "1-0"]
[WhiteElo "2434"]
[BlackElo "2315"]
[PlyCount "57"]
[EventDate "2024.??.??"]

1. d4 Nf6 2. c4 g6 3. g3 Bg7 4. Bg2 O-O 5. Nc3 d6 6. Nf3 Nc6 7. d5 Na5 8. b3 c5 9. Bb2 e6 10. dxe6 fxe6 11. O-O d5 12. Ne5 d4 13. Na4 Qc7 14. Nd3 Nd7 15. Ba3 Rf5 16. Be4 Bf8 17. Bxf5 exf5 18. Bxc5 Nxc5 19. Naxc5 b6 20. b4 Nxc4 21. Rc1 Qf7 22. Nb3 Bb7 23. Nxd4 Rd8 24. Nf4 Bh6 25. Nxf5 gxf5 26. Qxd8+ Bf8 27. Rfd1 Bc6 28. Qg5+ Kh8 29. Rd8 1-0

[Event "2BLW 2324 Aachener SV - SF Lieme"]
[Site "?"]
[Date "2024.02.03"]
[Round "5.3"]
[White "Bentel, Robin"]
[Black "Galyas, Miklos"]
[Result "1/2-1/2"]
[WhiteElo "2194"]
[BlackElo "2388"]
[PlyCount "47"]
[EventDate "2024.??.??"]

1. d4 d5 2. c4 e6 3. Nf3 a6 4. Bg5 Be7 5. Bxe7 Nxe7 6. Nbd2 O-O 7. e3 Nd7 8. Qc2 b6 9. cxd5 exd5 10. Bd3 h6 11. b4 Bb7 12. O-O Nf6 13. Rac1 c6 14. Ne5 Ne8 15. Qb3 Nd6 16. e4 dxe4 17. Nxe4 Nxe4 18. Bxe4 Qxd4 19. Rfe1 Qd6 20. Rcd1 Nd5 21. Nxc6 Bxc6 22. Bxd5 Bxd5 23. Rxd5 Rae8 24. Red1 1/2-1/2

[Event "2BLW 2324 Aachener SV - SF Lieme"]
[Site "?"]
[Date "2024.02.03"]
[Round "5.4"]
[White "Koch, Thomas"]
[Black "Himpenmacher, Andy"]
[Result "1/2-1/2"]
[WhiteElo "2431"]
[BlackElo "2233"]
[PlyCount "53"]
[EventDate "2024.??.??"]

1. d4 Nf6 2. c4 e6 3. Nc3 d5 4. Bg5 Nbd7 5. e3 Be7 6. Nf3 h6 7. Bh4 c6 8. Bd3 O-O 9. O-O Nh5 10. Bxe7 Qxe7 11. e4 dxc4 12. Bxc4 e5 13. Bb3 exd4 14. Nxd4 Nf4 15. Qf3 Qe5 16. Qe3 Qg5 17. Qg3 Nc5 18. Rfd1 Nxb3 19. axb3 Be6 20. Qxg5 hxg5 21. f3 Rfd8 22. g3 c5 23. Nxe6 Nxe6 24. Rxd8+ Nxd8 25. Nd5 a6 26. Kf2 g6 27. Rc1 1/2-1/2

[Event "2BLW 2324 Aachener SV - SF Lieme"]
[Site "?"]
[Date "2024.02.03"]
[Round "5.5"]
[White "Essing, Arnold"]
[Black "Lemmers, Oscar"]
[Result "1/2-1/2"]
[WhiteElo "2216"]
[BlackElo "2355"]
[PlyCount "30"]
[EventDate "2024.??.??"]

1. Nf3 d5 2. g3 Nf6 3. Bg2 c6 4. d3 Bg4 5. O-O Nbd7 6. c4 e6 7. cxd5 exd5 8. Nc3 Bc5 9. e4 dxe4 10. dxe4 O-O 11. Qc2 Qc7 12. Bf4 Bd6 13. Be3 Bc5 14. Bf4 Bd6 15. Be3 Bc5 1/2-1/2

[Event "2BLW 2324 Aachener SV - SF Lieme"]
[Site "?"]
[Date "2024.02.03"]
[Round "5.6"]
[White "Klein, Felix"]
[Black "Schaffarczyk, Andre"]
[Result "1-0"]
[WhiteElo "2288"]
[BlackElo "2108"]
[PlyCount "55"]
[EventDate "2024.??.??"]

1. e4 c5 2. Nf3 e6 3. d4 cxd4 4. Nxd4 Nc6 5. Nc3 Qc7 6. Be3 a6 7. a3 Nf6 8. f4 d6 9. Qf3 Bd7 10. O-O-O Be7 11. g4 Nxd4 12. Rxd4 Bc6 13. g5 Nd7 14. h4 e5 15. Nd5 Bxd5 16. Rxd5 Rc8 17. Rh2 exf4 18. Bxf4 Ne5 19. Bxe5 dxe5 20. Bh3 Rd8 21. Rhd2 O-O 22. Rd7 Qa5 23. b4 Bxb4 24. Rxd8 Bxa3+ 25. Kb1 Rxd8 26. Rxd8+ Qxd8 27. Qxa3 Qd1+ 28. Kb2 1-0

[Event "2BLW 2324 Aachener SV - SF Lieme"]
[Site "?"]
[Date "2024.02.03"]
[Round "5.7"]
[White "Krallmann, Matthias"]
[Black "Begnis, Nikolaos"]
[Result "1/2-1/2"]
[WhiteElo "2148"]
[BlackElo "2271"]
[PlyCount "112"]
[EventDate "2024.??.??"]

1. d4 Nf6 2. c4 g6 3. Nf3 Bg7 4. g3 O-O 5. Bg2 d6 6. O-O a6 7. Nc3 Nc6 8. d5 Na5 9. Nd2 c5 10. Qc2 Rb8 11. b3 b5 12. Bb2 bxc4 13. bxc4 Ng4 14. Rab1 Ne5 15. Nd1 Bf5 16. e4 Bg4 17. f3 Bd7 18. f4 Rxb2 19. Rxb2 Ng4 20. Rb1 Qe8 21. h3 Bd4+ 22. Kh1 Ba4 23. Nb3 Nf6 24. Qd3 Nxb3 25. axb3 Bd7 26. Ne3 Nh5 27. Nc2 Bg7 28. g4 Nf6 29. e5 Nxg4 30. hxg4 dxe5 31. f5 Qb8 32. Be4 Bh6 33. Rf3 Qd6 34. Rbf1 Bf4 35. Ne3 Rb8 36. Ng2 Bg5 37. fxg6 fxg6 38. Rg3 Bf4 39. Nxf4 exf4 40. Rgf3 Rf8 41. Qd2 e5 42. Qg2 Kg7 43. Qb2 Qf6 44. Rg1 Qg5 45. Qg2 Rh8 46. Rf2 h5 47. gxh5 Rxh5+ 48. Qh2 Rxh2+ 49. Rxh2 Bg4 50. d6 f3 51. d7 f2 52. Rf1 Bxd7 53. Rfxf2 Qc1+ 54. Kg2 Qg5+ 55. Kh1 Qc1+ 56. Kg2 Qg5+ 1/2-1/2

[Event "2BLW 2324 Aachener SV - SF Lieme"]
[Site "?"]
[Date "2024.02.03"]
[Round "5.8"]
[White "Meessen, Rudolf"]
[Black "Erofeev, Anastasia"]
[Result "1-0"]
[WhiteElo "2168"]
[BlackElo "2022"]
[PlyCount "107"]
[EventDate "2024.??.??"]

1. d4 d5 2. Nc3 Nf6 3. Bf4 a6 4. e3 Bf5 5. Nf3 e6 6. Ne5 Nfd7 7. g4 Bg6 8. h4 Nxe5 9. Bxe5 h5 10. Bd3 Bxd3 11. cxd3 hxg4 12. Qxg4 Nd7 13. h5 Nxe5 14. dxe5 c5 15. O-O-O Qa5 16. Kb1 O-O-O 17. d4 cxd4 18. exd4 Kb8 19. Rc1 Rc8 20. Ne2 Rxc1+ 21. Rxc1 Qb5 22. Qf3 Qd7 23. a3 Qe8 24. Rc3 Be7 25. Qg4 Qg8 26. Ka2 Qh7 27. Nf4 Qh6 28. Rg3 Rg8 29. Rb3 Rc8 30. Rg3 Rg8 31. Qf3 Rh8 32. Nd3 Rf8 33. Qg4 Rg8 34. f4 g5 35. Rf3 Rg7 36. f5 Rh7 37. f6 Bf8 38. Rh3 Rh8 39. Nf2 Rg8 40. Rb3 Qh8 41. Qe2 Ka8 42. Qd2 Bh6 43. Nd3 Rb8 44. Nc5 Qg8 45. Qd3 Qc8 46. Qh7 Bf8 47. Qxf7 Bxc5 48. dxc5 Qxc5 49. Rc3 Qb6 50. h6 d4 51. Qc7 Qb5 52. Rb3 Qd5 53. h7 Qh1 54. Qg7 1-0

[Event "2BLW 2324 Klub Kölner SF - SG Porz"]
[Site "?"]
[Date "2024.02.03"]
[Round "5.1"]
[White "Lutz, Christopher"]
[Black "Stork, Oliver"]
[Result "1-0"]
[WhiteElo "2523"]
[BlackElo "2329"]
[PlyCount "71"]
[EventDate "2024.??.??"]

1. e4 c5 2. Nf3 e6 3. d4 cxd4 4. Nxd4 Nf6 5. Nc3 Nc6 6. Ndb5 d6 7. Bf4 e5 8. Bg5 a6 9. Na3 b5 10. Bxf6 gxf6 11. Nd5 f5 12. c3 Bg7 13. exf5 Bxf5 14. Nc2 O-O 15. Nce3 Be6 16. Bd3 f5 17. O-O Kh8 18. f4 e4 19. Bc2 b4 20. Kh1 bxc3 21. bxc3 Ne7 22. Bb3 Rc8 23. Rc1 Bxd5 24. Bxd5 Rxc3 25. Rxc3 Bxc3 26. g4 Qb6 27. Nxf5 Nxf5 28. gxf5 e3 29. Qf3 Qd4 30. Be6 d5 31. Rg1 Rb8 32. f6 Qxf6 33. Bxd5 Qd4 34. Qg2 Qg7 35. Qe4 Qd4 36. Qe6 1-0

[Event "2BLW 2324 Klub Kölner SF - SG Porz"]
[Site "?"]
[Date "2024.02.03"]
[Round "5.2"]
[White "Morawietz, Dieter"]
[Black "Xu, Xianliang"]
[Result "0-1"]
[WhiteElo "2386"]
[BlackElo "2455"]
[PlyCount "94"]
[EventDate "2024.??.??"]

1. d4 Nf6 2. c4 c5 3. d5 b5 4. cxb5 a6 5. bxa6 Bxa6 6. Nc3 Qa5 7. Bd2 g6 8. Ne4 Qb5 9. Nxf6+ exf6 10. Bc3 Bg7 11. Nf3 O-O 12. e4 Qb7 13. Bxa6 Qxa6 14. Qe2 Re8 15. Nd2 f5 16. f3 fxe4 17. fxe4 f5 18. Qxa6 Nxa6 19. O-O fxe4 20. Rae1 e3 21. Nc4 Bd4 22. Rf4 Bxc3 23. bxc3 Nc7 24. Rxe3 Nxd5 25. Rxe8+ Rxe8 26. Rf3 Re1+ 27. Kf2 Rc1 28. Ne5 Rc2+ 29. Kg3 d6 30. Nc4 Nxc3 31. Nxd6 Ne2+ 32. Kg4 Nd4 33. Ra3 Rxg2+ 34. Kh3 Re2 35. Ra7 h5 36. a4 g5 37. Kg3 Re3+ 38. Kf2 Rf3+ 39. Kg2 h4 40. h3 Rg3+ 41. Kf2 Rxh3 42. Ne4 Rf3+ 43. Kg1 Ne2+ 44. Kh2 g4 45. Rd7 Rf4 46. a5 Rxe4 47. a6 Nf4 0-1

[Event "2BLW 2324 Klub Kölner SF - SG Porz"]
[Site "?"]
[Date "2024.02.03"]
[Round "5.3"]
[White "Rotstein, Arkadij"]
[Black "Helbig, Mark"]
[Result "1-0"]
[WhiteElo "2456"]
[BlackElo "2283"]
[PlyCount "80"]
[EventDate "2024.??.??"]

1. Nf3 Nf6 2. d4 d5 3. e3 e6 4. Bd3 Bd6 5. O-O b6 6. b3 Bb7 7. Bb2 O-O 8. c4 Ne4 9. Nc3 a6 10. Qc2 f5 11. Ne2 Nd7 12. Nf4 Qe7 13. Ne5 Nef6 14. f3 c5 15. cxd5 Bxe5 16. dxe5 Nxd5 17. Nxd5 Bxd5 18. e4 fxe4 19. Bxe4 Bxe4 20. Qxe4 b5 21. Rac1 Rfc8 22. f4 g6 23. g4 Qh4 24. Qg2 Nb6 25. f5 Nd5 26. Qf3 Rf8 27. Rxc5 gxf5 28. Rxd5 fxg4 29. Qg2 Rxf1+ 30. Kxf1 Rf8+ 31. Ke2 exd5 32. Qxd5+ Rf7 33. Qa8+ Rf8 34. Qd5+ Kg7 35. e6+ Kg6 36. Qe4+ Rf5 37. e7 Qf2+ 38. Kd1 Qg1+ 39. Kc2 Qc5+ 40. Kb1 Kh5 1-0

[Event "2BLW 2324 Klub Kölner SF - SG Porz"]
[Site "?"]
[Date "2024.02.03"]
[Round "5.4"]
[White "Wacker, Peter"]
[Black "Suvorov, Luca"]
[Result "0-1"]
[WhiteElo "2240"]
[BlackElo "2338"]
[PlyCount "88"]
[EventDate "2024.??.??"]

1. e4 e5 2. Nf3 Nc6 3. Bc4 Nf6 4. d3 h6 5. Nc3 Bc5 6. a4 d6 7. Be3 Nd4 8. h3 O-O 9. O-O Be6 10. Bxd4 Bxd4 11. Nxd4 exd4 12. Ne2 Bxc4 13. dxc4 Nxe4 14. Qxd4 Re8 15. Rfe1 Qg5 16. Nc3 Nxc3 17. Qxc3 Qf5 18. Qd3 Qa5 19. Re3 Re5 20. b3 Rae8 21. Rxe5 Qxe5 22. Rd1 b6 23. g3 g5 24. Rf1 a5 25. Kg2 Kg7 26. Rd1 f5 27. Qd4 Qxd4 28. Rxd4 Re2 29. Rd5 Kf6 30. g4 fxg4 31. hxg4 Rxc2 32. Rf5+ Ke7 33. Rf3 Re2 34. Rh3 Re6 35. Kf1 Kd7 36. Rf3 Kc6 37. Rf7 Re4 38. f3 Re3 39. Kf2 Rxb3 40. Rf6 Ra3 41. Rxh6 Rxa4 42. Rg6 Rxc4 43. Rxg5 a4 44. Rg8 Rc5 0-1

[Event "2BLW 2324 Klub Kölner SF - SG Porz"]
[Site "?"]
[Date "2024.02.03"]
[Round "5.5"]
[White "Korotkjevich, Stanislav"]
[Black "Andersen, Hans-Christoph"]
[Result "1-0"]
[WhiteElo "2358"]
[BlackElo "2220"]
[PlyCount "177"]
[EventDate "2024.??.??"]

1. d4 Nf6 2. Nf3 e6 3. e3 d5 4. c4 b6 5. Nc3 Bb7 6. Bd3 Nbd7 7. O-O Bd6 8. b3 O-O 9. Bb2 c5 10. cxd5 exd5 11. Rc1 Re8 12. Qc2 a6 13. Ne2 Rc8 14. Qb1 Qe7 15. Ng3 g6 16. Rfd1 Ne4 17. dxc5 bxc5 18. Bxe4 dxe4 19. Nd2 Nb6 20. Qc2 Be5 21. Ba3 Bd6 22. Ndxe4 Bb8 23. Nd2 h5 24. Bb2 h4 25. Qc3 f6 26. Ne2 h3 27. g3 Nd5 28. Qc4 Kg7 29. e4 Nb6 30. Qc2 Bxe4 31. Nxe4 Qxe4 32. Qxe4 Rxe4 33. Kf1 Rce8 34. Ng1 c4 35. Bd4 Bc7 36. bxc4 Rd8 37. Bxb6 Rxd1+ 38. Rxd1 Bxb6 39. Rc1 Rd4 40. c5 Bxc5 41. Nxh3 Bd6 42. Ke2 Kf7 43. f3 Ke6 44. Nf2 f5 45. Rc2 Rb4 46. Nd3 Rb8 47. Ke3 g5 48. Kd4 Rd8 49. Rc6 Ke7 50. Ke3 Rh8 51. Rc2 Ke6 52. Kd4 Rd8 53. Re2+ Kf7 54. Kc4 Rc8+ 55. Kb3 Kf6 56. Nb2 Rb8+ 57. Kc2 Rc8+ 58. Kd3 Rd8 59. Kc4 Be5 60. Nd3 Rc8+ 61. Nc5 Rc6 62. Rd2 Bd6 63. Rd5 Bc7 64. a4 Kg6 65. Kd4 Bb6 66. h3 Bc7 67. g4 fxg4 68. fxg4 Bb6 69. Rf5 Kh6 70. Kc4 Ba7 71. a5 Bb8 72. Kd5 Rd6+ 73. Ke4 Bc7 74. Nd3 Re6+ 75. Kd4 Rd6+ 76. Rd5 Rxd5+ 77. Kxd5 Bxa5 78. Nc5 Kg6 79. Ke6 Bd2 80. Nxa6 Bc1 81. Nb4 Bd2 82. Nc6 Bc1 83. Ne5+ Kg7 84. Kf5 Be3 85. Nf3 Kh6 86. Kf6 Bc1 87. Ne5 Bb2 88. Kf5 Kg7 89. Nf3 1-0